রক্তাক্ত বাংলা / (Record no. 26186)
[ view plain ]
| 000 -LEADER | |
|---|---|
| fixed length control field | 00943nam a22001937a 4500 |
| 003 - CONTROL NUMBER IDENTIFIER | |
| control field | BDDh-ASL |
| 005 - DATE AND TIME OF LATEST TRANSACTION | |
| control field | 20231015030619.0 |
| 008 - FIXED-LENGTH DATA ELEMENTS--GENERAL INFORMATION | |
| fixed length control field | 210918s1971 bg ||||| |||| 00| 0 b d |
| 040 ## - CATALOGING SOURCE | |
| Transcribing agency | BDDh-ASL |
| 082 ## - DEWEY DECIMAL CLASSIFICATION NUMBER | |
| Classification number | 954.9205 |
| Item number | RAK |
| 110 1# - MAIN ENTRY--CORPORATE NAME | |
| 9 (RLIN) | 4679 |
| Corporate name or jurisdiction name as entry element | মুক্তধারা |
| 245 00 - TITLE STATEMENT | |
| Title | রক্তাক্ত বাংলা / |
| 246 ## - VARYING FORM OF TITLE | |
| Title proper/short title | Raktatto Bangla |
| 260 ## - PUBLICATION, DISTRIBUTION, ETC. | |
| Place of publication, distribution, etc. | কলিকাতা: |
| Name of publisher, distributor, etc. | মুক্তধারা, |
| Date of publication, distribution, etc. | ১৯৭১। |
| 300 ## - PHYSICAL DESCRIPTION | |
| Extent | ৪২২, ২৬ পৃষ্ঠা, : : |
| Dimensions | ২২ সে. মি. |
| 650 #0 - SUBJECT ADDED ENTRY--TOPICAL TERM | |
| Topical term or geographic name entry element | মুক্তিযুদ্ধের ইতিহাস (Liberation War of Bangladesh) Muktijuddher Itihash, Ekattor, একাত্তর, মুক্তিযুদ্ধ |
| General subdivision | মুক্তিযুদ্ধ (Muktijuddha) |
| Chronological subdivision | 1971 |
| Geographic subdivision | Bangladesh (বাংলাদেশ) |
| -- | India (ভারত) |
| -- | Pakistan (পাকিস্তান) |
| 9 (RLIN) | 936 |
| 651 #0 - SUBJECT ADDED ENTRY--GEOGRAPHIC NAME | |
| 9 (RLIN) | 31 |
| Geographic name | Bangladesh |
| 942 ## - ADDED ENTRY ELEMENTS (KOHA) | |
| Source of classification or shelving scheme | Dewey Decimal Classification |
| Koha item type | Books |
| Withdrawn status | Lost status | Source of classification or shelving scheme | Damaged status | Not for loan | Collection code | Home library | Current library | Shelving location | Date acquired | Source of acquisition | Total Checkouts | Full call number | Barcode | Date last seen | Copy number | Price effective from | Koha item type | Public note |
|---|---|---|---|---|---|---|---|---|---|---|---|---|---|---|---|---|---|---|
| Dewey Decimal Classification | Not For Loan | Non-fiction | Asiatic Society Library | Asiatic Society Library | General Stacks | 10/03/2021 | ASB Collection | 954.9205 RAK | 112177 | 10/03/2021 | C-1 | 10/03/2021 | Books | RARE |